[Event "Huty op"]
[Site "Huty"]
[Date "2005.06.21"]
[Round "2"]
[White "Sedlar, Martin"]
[Black "Bujnosek, Tomas"]
[Result "0-1"]
[WhiteElo "1350"]
[BlackElo "1402"]
[PlyCount "64"]
[EventDate "2005.06.20"]
[EventType "swiss"]
[EventRounds "7"]
[EventCountry "SVK"]
[SourceTitle "EXT 2009"]
[Source "ChessBase"]
[SourceDate "2008.11.26"]
[SourceVersion "1"]
[SourceVersionDate "2008.11.26"]
[SourceQuality "1"]

1. e4 e5 2. Nf3 Nc6 3. Bc4 Bc5 4. 0-0 Nf6 5. Nc3 d6 6. h3 Be6 7. d3 h6 8. Be3 Bb6 9. Qd2 Nd4 10. Bxd4 exd4 11. Ne2 c5 12. b3 0-0 13. c3 Ba5 14. Rac1 a6 15. b4 dxc3 16. Nxc3 Bxb4 17. Qb2 Bxc4 18. dxc4 Qa5 19. Nd5 Nxd5 20. exd5 Ba3 21. Qd2 Qxd2 22. Nxd2 Bxc1 23. Rxc1 b5 24. f4 Rfe8 25. Kf2 Re7 26. cxb5 axb5 27. Ra1 Rae8 28. Kg3 Re3+ 29. Kg4 g6 30. Nf3 f5+ 31. Kg3 Re2 32. a4 Ra8 0-1

[Event "CZE-ch U10a"]
[Site "Sec u Chrudimi"]
[Date "2004.03.13"]
[Round "9"]
[White "Bujnosek, Tomas"]
[Black "Langner, Jakub"]
[Result "0-1"]
[WhiteElo "1250"]
[BlackElo "1250"]
[PlyCount "54"]
[EventDate "2004.03.06"]
[EventType "swiss"]
[EventRounds "9"]
[EventCountry "CZE"]
[SourceTitle "EXT 2009"]
[Source "ChessBase"]
[SourceDate "2008.11.26"]
[SourceVersion "1"]
[SourceVersionDate "2008.11.26"]
[SourceQuality "1"]

1. e4 c5 2. Nf3 e6 3. Nc3 Nc6 4. d4 cxd4 5. Nxd4 Nf6 6. Bb5 a6 7. Nxc6 bxc6 8. Ba4 Rb8 9. e5 Nd5 10. 0-0 Nxc3 11. bxc3 Qa5 12. Bxc6 dxc6 13. Bg5 Qd5 14. c4 Qxd1 15. Raxd1 Be7 16. f4 f6 17. exf6 Bxf6 18. Rd2 Ke7 19. Rfd1 Bxg5 20. fxg5 Rb7 21. Re2 Rd8 22. Rde1 Rb2 23. a4 Ra2 24. a5 Rxa5 25. h4 Rd4 26. Kf2 Rxh4 27. Kf3 Rxc4 0-1

[Event "CZE-ch U10a"]
[Site "Sec u Chrudimi"]
[Date "2004.03.12"]
[Round "8"]
[White "Plat, Vojtech"]
[Black "Bujnosek, Tomas"]
[Result "1-0"]
[WhiteElo "1583"]
[BlackElo "1250"]
[PlyCount "49"]
[EventDate "2004.03.06"]
[EventType "swiss"]
[EventRounds "9"]
[EventCountry "CZE"]
[SourceTitle "EXT 2009"]
[Source "ChessBase"]
[SourceDate "2008.11.26"]
[SourceVersion "1"]
[SourceVersionDate "2008.11.26"]
[SourceQuality "1"]

1. e4 e5 2. Nf3 Nc6 3. Bb5 a6 4. Ba4 d6 5. Bxc6+ bxc6 6. d4 exd4 7. Nxd4 c5 8. Nf3 Bb7 9. Nc3 Nf6 10. Bg5 Be7 11. Qe2 0-0 12. 0-0 h6 13. Bf4 Re8 14. Rad1 Bf8 15. e5 Nh5 16. Bg3 Kh8 17. Ne4 d5 18. Nfg5 Nxg3 19. fxg3 Kg8 20. Nxf7 Qb8 21. Qh5 dxe4 22. Nxh6+ gxh6 23. Qg6+ Bg7 24. Rf7 Re7 25. Qxg7# 1-0

[Event "CZE-ch U10a"]
[Site "Sec u Chrudimi"]
[Date "2004.03.10"]
[Round "5"]
[White "Bujnosek, Tomas"]
[Black "Balacek, Tadeas"]
[Result "1-0"]
[WhiteElo "1250"]
[BlackElo "1348"]
[PlyCount "79"]
[EventDate "2004.03.06"]
[EventType "swiss"]
[EventRounds "9"]
[EventCountry "CZE"]
[SourceTitle "EXT 2009"]
[Source "ChessBase"]
[SourceDate "2008.11.26"]
[SourceVersion "1"]
[SourceVersionDate "2008.11.26"]
[SourceQuality "1"]

1. e4 e5 2. Nf3 Nc6 3. Bc4 Bc5 4. c3 Nf6 5. d4 exd4 6. cxd4 Bb4+ 7. Nc3 Bxc3+ 8. bxc3 d5 9. exd5 Nxd5 10. Qb3 Nce7 11. Bg5 0-0 12. 0-0 Nb6 13. Bb5 Be6 14. Qa3 f6 15. Rfe1 Bc4 16. Bxc4+ Nxc4 17. Qxe7 Qxe7 18. Rxe7 fxg5 19. Nxg5 Rac8 20. d5 Rfe8 21. Rxe8+ Rxe8 22. h4 Re5 23. Rb1 Nd6 24. c4 b6 25. Rc1 h6 26. Ne6 Ne8 27. Kh2 Kf7 28. Nd8+ Kf8 29. Kg3 a6 30. Kf3 Rh5 31. g3 Re5 32. g4 g6 33. g5 h5 34. Rd1 Rf5+ 35. Kg3 Kg7 36. f4 Kh7 37. Re1 Kg8 38. Rxe8+ Rf8 39. Rxf8+ Kxf8 40. Ne6+ 1-0